[Event "Linares 81/229"]
[Site "?"]
[Date "2001.??.??"]
[Round "?"]
[White "Leko, P."]
[Black "Kasparov, Garry"]
[Result "1/2-1/2"]
[WhiteElo "2745"]
[BlackElo "2849"]
[PlyCount "109"]
[EventDate "2001.??.??"]
[Source "Chess Informant"]
[SourceDate "2001.02.01"]

1. e4 c5 2. Nf3 d6 3. d4 cxd4 4. Nxd4 Nf6 5. Nc3 a6 6. Bg5 e6 7. f4 Qb6 8. Nb3 Be7 9. Qf3 Nbd7 10. O-O-O Qc7 11. Bd3 b5 12. a3 Rb8 13. Rhe1 b4 14. axb4 Rxb4 15. Kb1 Bb7 16. Qh3 Nc5 17. Nxc5 dxc5 18. e5 Nd5 19. Nxd5 Bxd5 20. c3 Rb3 21. Bc2 Qb7 22. Bxb3 Qxb3 23. Rxd5 Qxd5 24. Bxe7 Kxe7 25. Qh4+ Kd7 26. Qg4 Kc6 27. Qe2 Rd8 28. Qxa6+ Kc7 29. Qa7+ Kc8 30. Qa6+ Kc7 31. Qa5+ Kb7 32. Qb5+ Kc7 33. Qa5+ Kb7 34. Qb5+ Kc7 35. Qe2 h5 36. g3 g6 37. c4 Qd2 38. Qe3 Rd4 39. Qxd2 Rxd2 40. Re3 Rxh2 41. Rf3 Kc6 42. Ka2 Rh3 43. Rb3 h4 44. gxh4 Rxh4 45. Rf3 Rh5 46. Rg3 Rh2 47. Rf3 Rc2 48. Kb3 Rc1 49. Rf2 Kb6 50. Rf3 Ka5 51. Rf2 Re1 52. Ka3 Ra1+ 53. Kb3 Rc1 54. Rf3 Kb6 55. Rf2 1/2-1/2

[Event "Novgorod"]
[Site "?"]
[Date "1997.??.??"]
[Round "?"]
[White "Topalov, V."]
[Black "Kasparov, Garry"]
[Result "1/2-1/2"]
[WhiteElo "2725"]
[BlackElo "2795"]
[PlyCount "57"]
[EventDate "1997.??.??"]
[Source "ChessBase"]
[SourceDate "1997.06.01"]

1. e4 c5 2. Nf3 d6 3. d4 cxd4 4. Nxd4 Nf6 5. Nc3 a6 6. Bg5 e6 7. f4 Qb6 8. Nb3 Be7 9. Qf3 Nbd7 10. O-O-O Qc7 11. g4 b5 12. Bxf6 Nxf6 13. g5 Nd7 14. a3 Rb8 15. h4 b4 16. axb4 Rxb4 17. Na2 Rb6 18. Qc3 Qxc3 19. Nxc3 h6 20. Be2 Bb7 21. Na5 Ba8 22. Nc4 Rc6 23. Kb1 Nb6 24. b3 Nxc4 25. Bxc4 Rc5 26. Kb2 a5 27. Bd3 Bc6 28. Na4 Bxa4 29. bxa4 1/2-1/2

[Event "R{g5 Tal"]
[Site "?"]
[Date "1995.??.??"]
[Round "?"]
[White "Short, Nigel D"]
[Black "Kasparov, Gary"]
[Result "1/2-1/2"]
[WhiteElo "2655"]
[BlackElo "2805"]
[PlyCount "22"]
[EventDate "1995.??.??"]
[Source "www.chesslib.no"]
[SourceDate "2004.05.04"]

1. e4 c5 2. Nf3 d6 3. d4 cxd4 4. Nxd4 Nf6 5. Nc3 a6 6. Bg5 e6 7. f4 Qb6 8. Qd2 Qxb2 9. Nb3 Qa3 10. Bxf6 gxf6 11. Be2 h5 1/2-1/2

[Event "II President's Cup"]
[Site "Baku AZE"]
[Date "2007.05.11"]
[Round "9"]
[White "Short, N."]
[Black "Naiditsch, A."]
[Result "0-1"]
[WhiteElo "2691"]
[BlackElo "2654"]
[PlyCount "176"]
[EventDate "2007.05.03"]
[Source "www.chesslib.no"]
[SourceDate "2004.05.04"]

1. e4 c5 2. Nf3 d6 3. d4 cxd4 4. Nxd4 Nf6 5. Nc3 a6 6. Bg5 e6 7. f4 Qb6 8. Qd2 Nc6 9. Nb3 Ng4 10. Bd3 h6 11. Bh4 g5 12. fxg5 Be7 13. O-O-O Qe3 14. Be2 Nce5 15. Bxg4 Nxg4 16. Rhe1 Qxd2+ 17. Nxd2 hxg5 18. Bg3 Ne5 19. Nf3 f6 20. Na4 b5 21. Nb6 Rb8 22. Nxc8 Rxc8 23. Rf1 g4 24. Nd4 Kf7 25. b3 Bd8 26. Kb2 Ke7 27. Ne2 Bb6 28. Nf4 b4 29. Rfe1 a5 30. Re2 Bc5 31. Kb1 Ra8 32. Red2 Ra6 33. Re2 Rh6 34. Red2 Ra8 35. Ne2 Ra6 36. Nd4 Rh8 37. Rf1 Rb6 38. Rdd1 Nf7 39. Rfe1 Ng5 40. Re2 Rh7 41. Kb2 Kf7 42. Kb1 Kg6 43. Bf4 Bxd4 44. Bxg5 Kxg5 45. Rxd4 Rxh2 46. Kb2 Rb5 47. Rxd6 Re5 48. c4 f5 49. Rd4 f4 50. Rc2 f3 51. gxf3 g3 52. Rd8 Rxc2+ 53. Kxc2 Kf4 54. Kd3 g2 55. Rf8+ Kg3 56. f4 Rg5 57. fxg5 g1=Q 58. g6 Qd1+ 59. Ke3 Qg4 60. Rf1 Kg2 61. Rf2+ Kg1 62. Rc2 e5 63. c5 Qxg6 64. c6 Qg5+ 65. Kd3 Qd8+ 66. Ke2 Qc7 67. Kf3 a4 68. bxa4 b3 69. axb3 Qf7+ 70. Ke2 Qxb3 71. Kd2 Qb4+ 72. Kc1 Qa3+ 73. Kb1 Qb3+ 74. Kc1 Qe3+ 75. Kb1 Qxe4 76. c7 Qb7+ 77. Kc1 Qc8 78. Rc4 Kf2 79. Kd2 e4 80. Rxe4 Qxc7 81. Kd3 Kf3 82. Rc4 Qd6+ 83. Kc2 Qb6 84. Kc3 Ke3 85. Rb4 Qa5 86. Kc4 Kd2 87. Kb3 Kd3 88. Rh4 Qb6+ 0-1

[Event "Samba Cup 1st"]
[Site "Skanderborg"]
[Date "2003.10.11"]
[Round "2"]
[White "Kasimdzhanov, Rustam"]
[Black "Sadvakasov, Darmen"]
[Result "0-1"]
[WhiteElo "2668"]
[BlackElo "2595"]
[PlyCount "60"]
[EventDate "2003.10.10"]
[Source "ChessBase"]
[SourceDate "2004.02.03"]

1. e4 c5 2. Nf3 d6 3. d4 cxd4 4. Nxd4 Nf6 5. Nc3 a6 6. Bg5 e6 7. f4 Qb6 8. Qd2 Qxb2 9. Nb3 Qa3 10. Bxf6 gxf6 11. Be2 Nc6 12. O-O Bd7 13. Kh1 Rc8 14. Bh5 Bg7 15. Rf3 O-O 16. Raf1 Na5 17. f5 Nc4 18. Qf4 Ne5 19. Rg3 Kh8 20. Rxg7 Kxg7 21. Qg3+ Kh8 22. Qh4 Rg8 23. Bxf7 Nxf7 24. Qxf6+ Rg7 25. fxe6 Ne5 26. exd7 Nxd7 27. Qd4 Qb2 28. Nd5 Rxc2 29. Ne3 Rcxg2 30. Qxd6 Qf2 0-1

[Event "Julian Borowski 4th"]
[Site "Essen"]
[Date "2002.05.18"]
[Round "3"]
[White "Luther, Thomas"]
[Black "Kasimdzhanov, Rustam"]
[Result "1/2-1/2"]
[WhiteElo "2566"]
[BlackElo "2674"]
[PlyCount "82"]
[EventDate "2002.05.16"]
[Source "ChessBase"]
[SourceDate "2002.09.20"]

1. e4 c5 2. Nf3 d6 3. d4 cxd4 4. Nxd4 Nf6 5. Nc3 a6 6. Bg5 e6 7. f4 Qb6 8. Qd2 Qxb2 9. Nb3 Qa3 10. Bxf6 gxf6 11. Be2 h5 12. O-O Nd7 13. Kh1 h4 14. h3 b6 15. Rad1 Bb7 16. f5 Rc8 17. fxe6 fxe6 18. Qd4 Be7 19. Bg4 Nc5 20. Rf3 Nxb3 21. cxb3 Qc5 22. Bxe6 Qxd4 23. Rxd4 Rc5 24. Nd5 b5 25. Rd1 Rh5 26. Nxf6+ Bxf6 27. Rxf6 Rhe5 28. Bf5 d5 29. Bg6+ Kd8 30. exd5 Rcxd5 31. Rxd5+ Bxd5 32. Rf2 Ke7 33. Kh2 Kd6 34. Bd3 Re1 35. Be2 Kc5 36. Bf3 Be6 37. Re2 Rxe2 38. Bxe2 Kb4 39. a4 Bxb3 40. Bxb5 axb5 41. axb5 Kxb5 1/2-1/2

[Event "Nationale I"]
[Site "Besancon"]
[Date "2003.04.03"]
[Round "4.1"]
[White "Luther, Thomas"]
[Black "Georgiev, Kiril"]
[Result "1/2-1/2"]
[WhiteElo "2575"]
[BlackElo "2654"]
[PlyCount "42"]
[EventDate "2003.04.03"]
[Source "Roberto Alvarez"]
[SourceDate "2003.04.07"]

1. e4 c5 2. Nf3 d6 3. d4 cxd4 4. Nxd4 Nf6 5. Nc3 a6 6. Bg5 e6 7. f4 Qb6 8. Qd2 Qxb2 9. Nb3 Qa3 10. Bxf6 gxf6 11. Be2 Nc6 12. O-O Bd7 13. Kh1 Rc8 14. Rad1 Be7 15. Bh5 Rf8 16. Rf3 Kd8 17. Rd3 Rc7 18. Nb1 Qa4 19. Nc3 Qa3 20. Nb1 Qa4 21. Nc3 Qa3 1/2-1/2

[Event "Open Aeroflot"]
[Site "Mosca RUS"]
[Date "2007.02.22"]
[Round "9"]
[White "Savchenko, B."]
[Black "Naiditsch, A."]
[Result "0-1"]
[WhiteElo "2562"]
[BlackElo "2663"]
[PlyCount "80"]
[EventDate "2007.02.14"]
[Source "www.chesslib.no"]
[SourceDate "2004.05.04"]

1. e4 c5 2. Nf3 d6 3. d4 cxd4 4. Nxd4 Nf6 5. Nc3 a6 6. Bg5 e6 7. f4 Qb6 8. Qd2 Nc6 9. Nb3 Ng4 10. Bh4 Qe3+ 11. Be2 Be7 12. Bg3 g5 13. Nd1 Qxd2+ 14. Kxd2 Rg8 15. Bd3 h5 16. fxg5 Bxg5+ 17. Ke2 Ke7 18. Be1 h4 19. g3 Rh8 20. gxh4 Bxh4 21. Ne3 Nxe3 22. Kxe3 Bd7 23. Nd2 Bxe1 24. Raxe1 Rh3+ 25. Kf2 Ne5 26. Bf1 Rh6 27. h3 Rc8 28. c3 Rch8 29. Rg1 Ng6 30. Nc4 Bb5 31. Rg3 Bxc4 32. Bxc4 Rxh3 33. Rd1 R8h4 34. Rxh3 Rxh3 35. Be2 Rh2+ 36. Ke3 Nf4 37. Kxf4 Rxe2 38. Rb1 b5 39. a3 e5+ 40. Kf3 Rh2 0-1

[Event "Beersheba"]
[Site "Beersheba"]
[Date "1993.??.??"]
[Round "10"]
[White "Gulko, Boris F"]
[Black "Psakhis, Lev"]
[Result "1/2-1/2"]
[WhiteElo "2635"]
[BlackElo "2585"]
[PlyCount "43"]
[EventDate "1993.10.??"]
[Source "ChessBase"]

1. Nf3 d6 2. e4 Nf6 3. Nc3 c5 4. d4 cxd4 5. Nxd4 a6 6. Bg5 e6 7. f4 Qb6 8. Qd2 Qxb2 9. Nb3 Qa3 10. Bxf6 gxf6 11. Be2 Nc6 12. O-O Bd7 13. Kh1 h5 14. Nd1 Rc8 15. Ne3 Qb4 16. c3 Qxe4 17. Bd3 Qa4 18. Nc4 Rc7 19. Nb6 Qa3 20. Nc4 Qa4 21. Nb6 Qa3 22. Nc4 1/2-1/2

[Event "Saint Petersburg 86/256"]
[Site "?"]
[Date "2002.??.??"]
[Round "?"]
[White "Lastin, A."]
[Black "Areshchenko, A."]
[Result "1/2-1/2"]
[WhiteElo "2625"]
[BlackElo "2567"]
[PlyCount "58"]
[EventDate "2002.??.??"]
[Source "Chess Informant"]
[SourceDate "2002.10.01"]

1. e4 c5 2. Nf3 d6 3. d4 cxd4 4. Nxd4 Nf6 5. Nc3 a6 6. Bg5 e6 7. f4 Qb6 8. Qd3 Qxb2 9. Rb1 Qa3 10. f5 Nc6 11. fxe6 fxe6 12. Nxc6 bxc6 13. Be2 Be7 14. O-O Qa5 15. Bxf6 gxf6 16. Bg4 O-O 17. Kh1 Kh8 18. Ne2 Rg8 19. Bh3 Qg5 20. Nd4 c5 21. Nc6 Qg7 22. Rb6 Bf8 23. Na5 f5 24. exf5 exf5 25. Rbb1 Be6 26. Rb7 Qg6 27. Nc4 f4 28. Rxf4 Qxd3 29. cxd3 Bd5 1/2-1/2

[Event "Kusadasi TUR"]
[Site "?"]
[Date "2006.04.10"]
[Round "7"]
[White "Gashimov Vugar"]
[Black "Palac Mladen"]
[Result "0-1"]
[WhiteElo "2625"]
[BlackElo "2561"]
[PlyCount "80"]
[EventDate "2006.??.??"]
[Source "www.chesslib.no"]
[SourceDate "2004.05.04"]

1. e4 c5 2. Nf3 d6 3. d4 cxd4 4. Nxd4 Nf6 5. Nc3 a6 6. Bg5 e6 7. f4 Qb6 8. Qd2 Qxb2 9. Nb3 Qa3 10. Bxf6 gxf6 11. Be2 h5 12. O-O Nd7 13. Kh1 h4 14. Rad1 h3 15. g3 b5 16. Nb1 Qa4 17. Qe3 b4 18. Rd4 a5 19. Nc3 Qc6 20. Nd5 Qb7 21. Bb5 Bg7 22. Re1 Kf8 23. a4 f5 24. Rdd1 exd5 25. exd5 Bf6 26. Bc6 Qb8 27. g4 fxg4 28. Qg3 Bh4 29. Qe3 Bxe1 30. Rxe1 Nf6 31. Qd4 Rh6 32. f5 Ra7 33. Qe3 Rh5 34. Nd4 Ba6 35. Nb5 Bxb5 36. axb5 Rb7 37. Qd4 Rxf5 38. Qd3 Rf3 39. Qd2 Ng8 40. Qg5 Re7 0-1

[Event "Jugoslavija"]
[Site "?"]
[Date "1999.??.??"]
[Round "?"]
[White "Kotronias, V."]
[Black "Georgiev, Ki"]
[Result "1/2-1/2"]
[WhiteElo "2535"]
[BlackElo "2650"]
[PlyCount "126"]
[EventDate "1999.??.??"]
[Source "Chess Informant"]
[SourceDate "1999.06.01"]

1. e4 c5 2. Nf3 d6 3. d4 cxd4 4. Nxd4 Nf6 5. Nc3 a6 6. Bg5 e6 7. f4 Qb6 8. Qd2 Qxb2 9. Nb3 Qa3 10. Bxf6 gxf6 11. Be2 h5 12. O-O Nd7 13. Qd4 b5 14. Nb1 Qa4 15. c4 bxc4 16. N1d2 e5 17. Qxc4 Qxc4 18. Nxc4 exf4 19. Rxf4 Ra7 20. Rd1 Rc7 21. Nxd6+ Bxd6 22. Rxd6 Ke7 23. Rd2 Ne5 24. Rh4 Bg4 25. Bxg4 Nxg4 26. h3 Ne5 27. Nd4 Rd7 28. Nf5+ Kd8 29. Rb2 Kc7 30. Ng3 Rhd8 31. Rc2+ Kb7 32. Rxh5 Rd2 33. Rxd2 Rxd2 34. Rf5 Rxa2 35. Nh5 a5 36. Nxf6 Nc4 37. Nd5 Nd6 38. Re5 Kc6 39. h4 Rb2 40. h5 a4 41. h6 Rb8 42. h7 Rh8 43. Nf6 a3 44. Kf2 Kb6 45. Rd5 Nb5 46. Rd1 a2 47. Ra1 Nc3 48. Ke3 Kc5 49. g4 Kc4 50. g5 Kb3 51. e5 Nd5+ 52. Nxd5 Rxh7 53. Nc3 Rh3+ 54. Kd4 Rh4+ 55. Kd5 Kxc3 56. Rxa2 Rd4+ 57. Kc5 Rg4 58. Ra3+ Kd2 59. Rf3 Rxg5 60. Kd6 Rg6+ 61. Kd5 Rg7 62. Ke4 Ke2 63. Rf4 Rh7 1/2-1/2

[Event "Pula"]
[Site "?"]
[Date "1997.??.??"]
[Round "?"]
[White "Kotronias, V."]
[Black "Ftacnik, L."]
[Result "1/2-1/2"]
[WhiteElo "2590"]
[BlackElo "2595"]
[PlyCount "87"]
[EventDate "1997.??.??"]
[Source "ChessBase"]
[SourceDate "1997.02.01"]

1. e4 c5 2. Nf3 d6 3. d4 cxd4 4. Nxd4 Nf6 5. Nc3 a6 6. Bg5 e6 7. f4 Qb6 8. Qd2 Qxb2 9. Nb3 Nc6 10. Bxf6 gxf6 11. Na4 Qa3 12. Nb6 Rb8 13. Nc4 Qa4 14. a3 b5 15. Nxd6+ Bxd6 16. Qxd6 Qxe4+ 17. Be2 Qd5 18. Qxd5 exd5 19. O-O-O Ne7 20. Rhe1 O-O 21. Bxb5 Ng6 22. Bc6 Nxf4 23. Rd4 Rb6 24. Na5 Ne6 25. Rxd5 Nd8 26. Ba4 Nb7 27. Nxb7 Bxb7 28. Rd4 Re6 29. Rf1 Re4 30. Rxe4 Bxe4 31. Rxf6 Bxg2 32. Rxa6 f5 33. Bc6 Bxc6 34. Rxc6 f4 35. Kd2 f3 36. Ke1 Re8+ 37. Kf2 Re2+ 38. Kxf3 Rxh2 39. a4 Rh3+ 40. Kg4 Ra3 41. Rc4 Kf7 42. Kf5 h5 43. Ke5 Kg6 44. Kf4 1/2-1/2

[Event "OHRA"]
[Site "Amsterdam"]
[Date "1986.??.??"]
[Round "?"]
[White "Ljubojevic, Ljubomir"]
[Black "Ribli, Zoltan"]
[Result "1-0"]
[WhiteElo "2600"]
[BlackElo "2585"]
[PlyCount "67"]
[EventDate "1986.07.??"]
[Source "ChessBase"]

1. e4 c5 2. Nf3 d6 3. d4 cxd4 4. Nxd4 Nf6 5. Nc3 a6 6. Bg5 e6 7. f4 Qb6 8. Nb3 Be7 9. Qe2 h6 10. Bxf6 Bxf6 11. h4 Nd7 12. O-O-O Bxc3 13. bxc3 Nf6 14. Rh3 Bd7 15. c4 e5 16. f5 Qc6 17. Re3 g5 18. c5 dxc5 19. Red3 c4 20. Rd6 Qxe4 21. Nc5 Qf4+ 22. Qd2 Qxd2+ 23. R1xd2 c3 24. Rd1 Bxf5 25. Rxf6 Bg6 26. Rd5 O-O 27. Bd3 Kg7 28. hxg5 hxg5 29. Rxg6+ fxg6 30. Ne6+ Kh6 31. Nxf8 Rxf8 32. Rxe5 Rf2 33. g4 Rg2 34. Be2 1-0

[Event "Sevilla"]
[Site "?"]
[Date "1992.??.??"]
[Round "?"]
[White "Yudasin, L."]
[Black "Oll, L."]
[Result "1/2-1/2"]
[WhiteElo "2580"]
[BlackElo "2600"]
[PlyCount "59"]
[EventDate "1992.??.??"]
[Source "ChessBase"]
[SourceDate "1991.10.01"]

1. e4 c5 2. Nf3 d6 3. d4 cxd4 4. Nxd4 Nf6 5. Nc3 a6 6. Bg5 e6 7. f4 Qb6 8. Nb3 Be7 9. Be2 Nbd7 10. Qd3 Qc7 11. Bf3 Rb8 12. O-O-O b5 13. Bxf6 Nxf6 14. g4 b4 15. Ne2 e5 16. f5 a5 17. Kb1 Nd7 18. Ng3 O-O 19. h4 a4 20. Nd2 a3 21. b3 Ba6 22. Qxa6 Qc3 23. Nc4 Nc5 24. Qa7 Qxf3 25. Qxe7 Qxg3 26. Rhg1 Qf3 27. Rgf1 Qg3 28. Rg1 Qf3 29. Rgf1 Qg3 30. Rg1 1/2-1/2

[Event "Corr"]
[Site "?"]
[Date "1999.06.30"]
[Round "?"]
[White "Volchok Alexander"]
[Black "Soltau Achim"]
[Result "0-1"]
[WhiteElo "2602"]
[BlackElo "2577"]
[PlyCount "134"]
[EventDate "1999.??.??"]
[Source "www.chesslib.no"]
[SourceDate "2004.05.04"]

1. e4 c5 2. Nf3 d6 3. d4 cxd4 4. Nxd4 Nf6 5. Nc3 a6 6. Bg5 e6 7. f4 Qb6 8. a3 Nbd7 9. Bxf6 Nxf6 10. Qd2 e5 11. Nb3 Be6 12. Bd3 Be7 13. f5 Bd7 14. Qf2 Qxf2+ 15. Kxf2 Bd8 16. Be2 d5 17. Bd3 dxe4 18. Nxe4 Bb6+ 19. Ke2 Bc6 20. Nbd2 Ke7 21. Nxf6 Kxf6 22. Ne4+ Ke7 23. Rhf1 f6 24. Rae1 Rad8 25. Kd2 Rd4 26. Kc1 Rhd8 27. Re2 Ba7 28. Nc3 b5 29. Be4 Be8 30. h3 a5 31. Rd1 Rxd1+ 32. Nxd1 Bd4 33. c3 Bb6 34. b4 Rc8 35. Kb2 g6 36. Ne3 Bxe3 37. Rxe3 axb4 38. axb4 Bc6 39. Bd3 Bxg2 40. fxg6 hxg6 41. Bxb5 g5 42. Be2 Rh8 43. Bg4 Bd5 44. Kc2 Bc4 45. Kd2 Ra8 46. Be2 Ra2+ 47. Kd1 Bxe2+ 48. Rxe2 Ra1+ 49. Kc2 Ke6 50. c4 Ra2+ 51. Kd3 Ra3+ 52. Kc2 Rxh3 53. Rd2 g4 54. b5 Rh7 55. c5 Rd7 56. Rg2 Rb7 57. b6 Kd5 58. Kd3 f5 59. Rc2 Kc6 60. Kc4 Rd7 61. Rh2 Rd4+ 62. Kc3 g3 63. Rh6+ Kxc5 64. Re6 Rc4+ 65. Kd3 Kd5 66. Rg6 f4 67. b7 Rb4 0-1

[Event "World Ch XIV Final"]
[Site "Cork World Ch XIV Final"]
[Date "1994.??.??"]
[Round "?"]
[White "Boll, Peter A"]
[Black "Sanakoev, Grigory Konstantino"]
[Result "1-0"]
[WhiteElo "2580"]
[BlackElo "2595"]
[PlyCount "105"]
[EventDate "1994.??.??"]
[Source "www.chesslib.no"]
[SourceDate "2004.05.04"]

1. e4 c5 2. Nf3 d6 3. d4 cxd4 4. Nxd4 Nf6 5. Nc3 a6 6. Bg5 e6 7. f4 Qb6 8. Qd2 Qxb2 9. Nb3 Qa3 10. Bxf6 gxf6 11. Be2 Nc6 12. O-O Bd7 13. Nd1 Qb4 14. Qe3 Ne7 15. a3 Qa4 16. f5 h5 17. fxe6 fxe6 18. Nb2 Qc6 19. Nc4 Nc8 20. Rxf6 Be7 21. Rh6 Rxh6 22. Qxh6 Kd8 23. Qxh5 b5 24. Ncd2 Nb6 25. Qh8+ Kc7 26. Qg7 Bf8 27. Qf6 Nc4 28. Bxc4 bxc4 29. Nd4 Qc5 30. Kh1 Re8 31. c3 d5 32. h3 Qe7 33. Qf2 Qc5 34. e5 Qa5 35. Qe3 Bc5 36. N2f3 Kb7 37. g4 Ka8 38. Kg2 Rb8 39. Qd2 Qd8 40. Kg3 Qh8 41. h4 Be7 42. Rh1 Ka7 43. Qe3 Ka8 44. h5 Rg8 45. g5 Qh6 46. Kg4 Qh7 47. Rh2 Qb1 48. g6 Bxa3 49. Qe1 Qb6 50. Qa1 Bf8 51. Rb2 Qa7 52. Ra2 Bc8 53. Nc6 1-0

[Event "EuTCh"]
[Site "Plovdiv"]
[Date "2003.10.11"]
[Round "1"]
[White "Vouldis, Angelos"]
[Black "Sutovsky, Emil"]
[Result "1/2-1/2"]
[WhiteElo "2528"]
[BlackElo "2646"]
[PlyCount "77"]
[EventDate "2003.10.10"]
[Source "Roberto Alvarez"]
[SourceDate "2003.10.20"]

1. e4 c5 2. Nf3 d6 3. d4 cxd4 4. Nxd4 Nf6 5. Nc3 a6 6. Bg5 e6 7. f4 Qb6 8. Qd2 Nc6 9. O-O-O Qxd4 10. Qxd4 Nxd4 11. Rxd4 Be7 12. Na4 Nd7 13. Bxe7 Kxe7 14. Nc3 b5 15. Be2 Rb8 16. Rhd1 Rb6 17. a4 bxa4 18. Rxa4 Bb7 19. Rdd4 Rc8 20. Rdb4 Rxb4 21. Rxb4 Nc5 22. Na4 Bc6 23. Nxc5 dxc5 24. Rb6 Bxe4 25. g3 Ra8 26. Rxa6 Rxa6 27. Bxa6 Kd6 28. Kd2 e5 29. Bd3 Bxd3 30. fxe5+ Kxe5 31. Kxd3 f5 32. Ke3 g5 33. b3 Kd5 34. c3 Ke5 35. b4 cxb4 36. cxb4 Kd5 37. b5 Kc5 38. b6 Kxb6 39. Kd4 1/2-1/2

[Event "CRO-chT"]
[Site "Medulin"]
[Date "1997.??.??"]
[Round "?"]
[White "Lalic, Bogdan"]
[Black "Novikov, Igor A"]
[Result "1/2-1/2"]
[WhiteElo "2585"]
[BlackElo "2580"]
[PlyCount "37"]
[EventDate "1997.??.??"]
[Source "www.chesslib.no"]
[SourceDate "2004.05.04"]

1. e4 c5 2. Nf3 d6 3. d4 cxd4 4. Nxd4 Nf6 5. Nc3 a6 6. Bg5 e6 7. f4 Qb6 8. Nb3 Be7 9. Be2 Nbd7 10. Qd3 Qc7 11. Bf3 Rb8 12. O-O-O b5 13. Bxf6 Nxf6 14. g4 Nd7 15. h4 b4 16. Ne2 a5 17. Kb1 a4 18. Nbd4 Nc5 19. Nb5 1/2-1/2

[Event "III Campionato Ue"]
[Site "Arvier ITA"]
[Date "2007.06.23"]
[Round "9.1"]
[White "Luther, Thomas"]
[Black "Sedlak, Nikola"]
[Result "1/2-1/2"]
[WhiteElo "2586"]
[BlackElo "2575"]
[PlyCount "46"]
[EventDate "2007.06.15"]
[Source "www.chesslib.no"]
[SourceDate "2004.05.04"]

1. e4 c5 2. Nf3 d6 3. d4 cxd4 4. Nxd4 Nf6 5. Nc3 a6 6. Bg5 e6 7. f4 Qb6 8. Qd2 Nc6 9. Bxf6 gxf6 10. Nb3 Bd7 11. O-O-O O-O-O 12. Kb1 Kb8 13. Be2 h5 14. Rhf1 Be7 15. Rf3 Rdg8 16. Bf1 h4 17. a3 Rh5 18. Rd3 Na5 19. Qe2 Rgh8 20. Rd4 Nc6 21. R4d3 Na5 22. Rd4 Nc6 23. R4d3 Na5 1/2-1/2

[Event "EUCup 17th"]
[Site "Panormo"]
[Date "2001.09.26"]
[Round "4"]
[White "Luther, Thomas"]
[Black "Timoshenko, Georgy"]
[Result "1/2-1/2"]
[WhiteElo "2604"]
[BlackElo "2554"]
[PlyCount "84"]
[EventDate "2001.09.22"]
[Source "ChessBase"]
[SourceDate "2001.10.26"]

1. e4 c5 2. Nf3 d6 3. d4 cxd4 4. Nxd4 Nf6 5. Nc3 a6 6. Bg5 e6 7. f4 Qb6 8. Qd2 Qxb2 9. Nb3 Qa3 10. Bxf6 gxf6 11. Be2 Nc6 12. O-O Na5 13. Kh1 Nxb3 14. axb3 Qc5 15. f5 Bd7 16. b4 Qxb4 17. fxe6 fxe6 18. Rfb1 Qc5 19. Rxb7 Be7 20. Rxa6 Rxa6 21. Bxa6 Bc8 22. Rb8 O-O 23. Rxc8 Rxc8 24. Bxc8 Qxc8 25. Qd3 Bf8 26. Ne2 Qc5 27. h3 Kf7 28. Nd4 Bh6 29. g3 Bf8 30. Kg2 h5 31. h4 Qe5 32. Nf3 Qc5 33. Nd4 Qe5 34. Nf3 Qc5 35. c4 Be7 36. Nd4 Bd8 37. e5 f5 38. Nf3 d5 39. cxd5 Qxd5 40. Qxd5 exd5 41. Nd4 Bc7 42. e6+ Kf6 1/2-1/2

[Event "Corus-B"]
[Site "Wijk aan Zee"]
[Date "2003.01.23"]
[Round "10"]
[White "Hector, Jonny"]
[Black "Naiditsch, Arkadij"]
[Result "0-1"]
[WhiteElo "2570"]
[BlackElo "2585"]
[PlyCount "80"]
[EventDate "2003.01.14"]
[Source "ChessBase"]
[SourceDate "2003.04.01"]

1. e4 c5 2. Nf3 d6 3. d4 cxd4 4. Nxd4 Nf6 5. Nc3 a6 6. Bg5 e6 7. f4 Qb6 8. Bxf6 gxf6 9. Be2 Qxb2 10. Na4 Qa3 11. c3 Nd7 12. O-O b5 13. Bh5 Bb7 14. Qg4 O-O-O 15. Bxf7 Qxa4 16. Qxe6 Qc4 17. a4 Qxe6 18. Bxe6 bxa4 19. Rxa4 Kc7 20. Bd5 Bxd5 21. exd5 Nc5 22. Rb4 Re8 23. Rfb1 Bh6 24. g3 Rb8 25. Kg2 Rhe8 26. Kf3 Bf8 27. Kg4 Ra8 28. Kf5 a5 29. Rb6 a4 30. R6b4 Kd7 31. Ne6 a3 32. Nxc5+ dxc5 33. Rb7+ Kc8 34. R7b6 a2 35. Ra1 Re7 36. Kxf6 Rd7 37. Rc6+ Kd8 38. Ke6 Bg7 39. Rxc5 Ra6+ 40. Rc6 Rxc6+ 0-1

[Event "Corr"]
[Site "?"]
[Date "2002.07.01"]
[Round "?"]
[White "Oliveira Marcio Barbosa de ("]
[Black "Bernardino Zelio (BRA)"]
[Result "1/2-1/2"]
[WhiteElo "2581"]
[BlackElo "2571"]
[PlyCount "61"]
[EventDate "2002.??.??"]
[Source "www.chesslib.no"]
[SourceDate "2004.05.04"]

1. e4 c5 2. Nf3 d6 3. d4 cxd4 4. Nxd4 Nf6 5. Nc3 a6 6. Bg5 e6 7. f4 Qb6 8. Nb3 Nbd7 9. Qf3 Be7 10. Bd3 Qc7 11. O-O b5 12. a3 Bb7 13. Rae1 h6 14. Bh4 O-O 15. Bf2 Nc5 16. Qh3 Rad8 17. Nxc5 dxc5 18. e5 Nd7 19. Be4 b4 20. Bxb7 Qxb7 21. Ne4 bxa3 22. Qxa3 Rb8 23. Re2 Qxb2 24. Qxa6 Ra8 25. Qd3 Rfd8 26. c3 Qb3 27. Qf3 Qc4 28. Rd2 Nb6 29. Rfd1 Rxd2 30. Nxd2 Qa4 31. Rf1 1/2-1/2

[Event "RUS-ch"]
[Site "Krasnodar"]
[Date "2002.08.29"]
[Round "3"]
[White "Lastin, Alexander"]
[Black "Loginov, Valery A"]
[Result "1-0"]
[WhiteElo "2625"]
[BlackElo "2526"]
[PlyCount "107"]
[EventDate "2002.08.27"]
[Source "ChessBase"]
[SourceDate "2002.11.12"]

1. e4 c5 2. Nf3 d6 3. d4 cxd4 4. Nxd4 Nf6 5. Nc3 a6 6. Bg5 e6 7. f4 Qb6 8. Qd3 Nc6 9. O-O-O Ng4 10. Qg3 Nxd4 11. Qxg4 Bd7 12. f5 Rc8 13. Qg3 Nc6 14. Bc4 Ne5 15. Bb3 Qc7 16. Rhf1 b5 17. fxe6 Bxe6 18. Nd5 Bxd5 19. Rxd5 f6 20. Bf4 Nc4 21. Kb1 g6 22. Rfd1 Be7 23. a4 bxa4 24. Bxa4+ Kf7 25. Qh3 h5 26. Bb3 Kg7 27. g4 g5 28. R1d4 Ne5 29. gxh5 gxf4 30. Rxe5 fxe5 31. Qg4+ Kf8 32. Qg6 Bh4 33. Rxd6 Qh7 34. Rf6+ Ke7 35. Rf7+ Qxf7 36. Qxf7+ Kd6 37. Qd5+ Kc7 38. Qxe5+ Kb6 39. Qd4+ Ka5 40. Qe5+ Kb6 41. Qd6+ Ka7 42. Qxf4 Be7 43. Qe5 Rh7 44. Qe6 Rd8 45. Bd5 Bc5 46. Qg6 Rdh8 47. Bf7 Rh6 48. Qg5 Rc6 49. e5 Rd8 50. Bd5 Rc7 51. e6 Rf8 52. Qe5 Kb6 53. Be4 Rf2 54. Ka2 1-0

[Event "Ch SCG team"]
[Site "?"]
[Date "2005.05.20"]
[Round "6"]
[White "Nataf Igor-Alexandre"]
[Black "Damljanovic Branko"]
[Result "1-0"]
[WhiteElo "2559"]
[BlackElo "2588"]
[PlyCount "107"]
[EventDate "2005.??.??"]
[Source "www.chesslib.no"]
[SourceDate "2004.05.04"]

1. e4 c5 2. Nf3 d6 3. d4 cxd4 4. Nxd4 Nf6 5. Nc3 a6 6. Bg5 e6 7. f4 Qb6 8. Qd2 Nc6 9. Bxf6 gxf6 10. Nb3 Bd7 11. O-O-O Na5 12. Kb1 Nxb3 13. axb3 Be7 14. Be2 h5 15. Rhf1 h4 16. Bg4 Bc6 17. Rfe1 Kf8 18. f5 e5 19. Be2 Qc5 20. Bc4 Rb8 21. Bd5 Be8 22. g4 b5 23. Rg1 Bd8 24. g5 fxg5 25. Rxg5 Bf6 26. Rdg1 b4 27. Nd1 Qd4 28. Qg2 Ke7 29. Rg4 Rc8 30. Qf3 a5 31. Ne3 a4 32. Rd1 Qa7 33. Bb7 Qxb7 34. Nd5+ Kd8 35. Nxf6 Qa6 36. Rgg1 Rc6 37. Nd5 Qa5 38. bxa4 Qxa4 39. Qb3 Qxb3 40. cxb3 h3 41. Rg3 Rc5 42. Nxb4 Rb5 43. Nd5 Bc6 44. Nc3 Rb4 45. Rxd6+ Kc7 46. Rf6 Rh7 47. Nd5+ Bxd5 48. exd5 Rd4 49. Rc3+ Kd7 50. Rc5 e4 51. Ra5 e3 52. Ra7+ Ke8 53. Rb6 Rxd5 54. f6 1-0

[Event "RUS-ch 54th"]
[Site "Elista"]
[Date "2001.05.03"]
[Round "4"]
[White "Bezgodov, Alexei"]
[Black "Najer, Evgeniy"]
[Result "1/2-1/2"]
[WhiteElo "2543"]
[BlackElo "2600"]
[PlyCount "104"]
[EventDate "2001.04.29"]
[Source "ChessBase"]
[SourceDate "2001.07.05"]

1. e4 c5 2. Nf3 d6 3. d4 cxd4 4. Nxd4 Nf6 5. Nc3 a6 6. Bg5 e6 7. f4 Qb6 8. Qd3 Qxb2 9. Rb1 Qa3 10. f5 Be7 11. Be2 Qa5 12. Bd2 Qc7 13. fxe6 fxe6 14. Qh3 Nc6 15. Nxc6 Qxc6 16. Bh5+ Nxh5 17. Qxh5+ g6 18. Qh6 Bf6 19. Ne2 Bd7 20. O-O Rf8 21. Rb3 Be7 22. Rbf3 Rxf3 23. Rxf3 Qxe4 24. Ng3 Qd4+ 25. Be3 Qh8 26. Bg5 Bc6 27. Rf2 Bxg5 28. Qxg5 Qe5 29. Qh4 Qg7 30. Qg4 Qe7 31. Re2 Kd7 32. Ne4 Bxe4 33. Qxe4 d5 34. Qa4+ Kc7 35. Qf4+ Kd7 36. Qa4+ b5 37. Qd4 Kc6 38. a4 Re8 39. axb5+ axb5 40. Re3 Rc8 41. h3 Kb7 42. Qd3 Kb6 43. Qe2 Rc6 44. Kh1 Qd6 45. Rb3 Qc5 46. Qe5 Qd6 47. Qd4+ Qc5 48. Qe5 Qd6 49. Qd4+ Rc5 50. c4 Kc6 51. cxb5+ Kb7 52. Rb1 Rc4 1/2-1/2